Main economic indicators comparative methodological analysis: industry, retail and construction indicators

Gespeichert in:
Bibliographische Detailangaben
Format: Buch
Sprache:Englisch
Veröffentlicht: Paris OECD 2002
Schriftenreihe:Statistics
Schlagworte:
Tags: Tag hinzufügen
Keine Tags, Fügen Sie das erste Tag hinzu!

MARC

LEADER 00000nam a2200000 4500
001 c133160
005 20221221092144.1
020 |a 92-64-19726-5 
041 0 |a eng 
044 |a FR 
245 1 0 |a Main economic indicators  |b comparative methodological analysis: industry, retail and construction indicators 
264 1 |a Paris  |b OECD  |c 2002 
300 |a 78 s. 
490 1 |a Statistics 
830 0 |a Statistics 
610 2 0 |a údaje štatistické 
610 2 0 |a údaje štatistické medzinárodné 
610 2 0 |a tabuľky štatistické 
610 2 0 |a OECD 
610 2 0 |a výroba priemyselná 
610 2 0 |a maloobchod 
610 2 0 |a ukazovatele ekonomické 
610 2 0 |a ukazovatele produkcie 
610 2 0 |a porovnanie štatistické 
610 2 0 |a porovnanie štatistické medzinárodné 
610 2 0 |a porovnanie medzinárodné 
610 2 0 |a indexy cenové 
610 2 0 |a svet